<?xml version="1.0" encoding="UTF-8"?>
<record
    xmlns:xsi="http://www.w3.org/2001/XMLSchema-instance"
    xsi:schemaLocation="http://www.loc.gov/MARC21/slim http://www.loc.gov/standards/marcxml/schema/MARC21slim.xsd"
    xmlns="http://www.loc.gov/MARC21/slim">

  <leader>00664nam a22002177a 4500</leader>
  <controlfield tag="005">20250217121828.0</controlfield>
  <controlfield tag="008">211117b           ||||| |||| 00| 0 eng d</controlfield>
  <datafield tag="020" ind1=" " ind2=" ">
    <subfield code="a">9788195274932</subfield>
  </datafield>
  <datafield tag="040" ind1=" " ind2=" ">
    <subfield code="c">Al</subfield>
  </datafield>
  <datafield tag="041" ind1=" " ind2=" ">
    <subfield code="a">Eng</subfield>
  </datafield>
  <datafield tag="082" ind1=" " ind2=" ">
    <subfield code="2">23</subfield>
    <subfield code="a">891.468</subfield>
    <subfield code="b">REGT</subfield>
  </datafield>
  <datafield tag="100" ind1=" " ind2=" ">
    <subfield code="a">Sylvia Rego</subfield>
    <subfield code="9">200279</subfield>
  </datafield>
  <datafield tag="245" ind1=" " ind2=" ">
    <subfield code="a">Tree spirit and other konkani folktales</subfield>
  </datafield>
  <datafield tag="260" ind1=" " ind2=" ">
    <subfield code="a">Mangaluru</subfield>
    <subfield code="b">St Aloysius Prakashana</subfield>
    <subfield code="c">2021</subfield>
  </datafield>
  <datafield tag="300" ind1=" " ind2=" ">
    <subfield code="a">256p.</subfield>
    <subfield code="b">PB</subfield>
    <subfield code="c">21x14cm.</subfield>
  </datafield>
  <datafield tag="365" ind1=" " ind2=" ">
    <subfield code="b">&#x20B9;200.00</subfield>
    <subfield code="c">&#x20B9;</subfield>
    <subfield code="d">&#x20B9;200.00</subfield>
  </datafield>
  <datafield tag="520" ind1=" " ind2=" ">
    <subfield code="a">Dr Sylvia Rego, Department of English, St Aloysius (Deemed to be University),</subfield>
  </datafield>
  <datafield tag="650" ind1=" " ind2=" ">
    <subfield code="a">Konkani Folktales</subfield>
    <subfield code="9">10547</subfield>
  </datafield>
  <datafield tag="700" ind1=" " ind2=" ">
    <subfield code="a">REGO (Sylvia)</subfield>
    <subfield code="9">10548</subfield>
  </datafield>
  <datafield tag="942" ind1=" " ind2=" ">
    <subfield code="2">ddc</subfield>
    <subfield code="c">DB</subfield>
  </datafield>
  <datafield tag="999" ind1=" " ind2=" ">
    <subfield code="c">220649</subfield>
    <subfield code="d">220649</subfield>
  </datafield>
  <datafield tag="952" ind1=" " ind2=" ">
    <subfield code="0">0</subfield>
    <subfield code="1">0</subfield>
    <subfield code="2">ddc</subfield>
    <subfield code="4">0</subfield>
    <subfield code="7">0</subfield>
    <subfield code="8">KON</subfield>
    <subfield code="a">AL</subfield>
    <subfield code="b">AL</subfield>
    <subfield code="d">2021-11-16</subfield>
    <subfield code="l">0</subfield>
    <subfield code="o">891.468 REGT</subfield>
    <subfield code="p">D04756</subfield>
    <subfield code="r">2021-11-17 00:00:00</subfield>
    <subfield code="v">200.00</subfield>
    <subfield code="w">2021-11-17</subfield>
    <subfield code="y">DB</subfield>
    <subfield code="z">Donated by St Aloysius Prakashana</subfield>
  </datafield>
  <datafield tag="952" ind1=" " ind2=" ">
    <subfield code="0">0</subfield>
    <subfield code="1">0</subfield>
    <subfield code="2">ddc</subfield>
    <subfield code="4">0</subfield>
    <subfield code="7">0</subfield>
    <subfield code="8">KON</subfield>
    <subfield code="a">AL</subfield>
    <subfield code="b">AL</subfield>
    <subfield code="d">2021-11-17</subfield>
    <subfield code="l">0</subfield>
    <subfield code="o">891.468 REGT</subfield>
    <subfield code="p">D04757</subfield>
    <subfield code="r">2021-11-17 00:00:00</subfield>
    <subfield code="v">200.00</subfield>
    <subfield code="w">2021-11-17</subfield>
    <subfield code="y">DB</subfield>
    <subfield code="z">Donated by St Aloysius Prakashana</subfield>
  </datafield>
  <datafield tag="952" ind1=" " ind2=" ">
    <subfield code="0">0</subfield>
    <subfield code="1">0</subfield>
    <subfield code="2">ddc</subfield>
    <subfield code="4">0</subfield>
    <subfield code="7">0</subfield>
    <subfield code="8">KON</subfield>
    <subfield code="a">AL</subfield>
    <subfield code="b">AL</subfield>
    <subfield code="d">2021-11-17</subfield>
    <subfield code="l">2</subfield>
    <subfield code="o">891.468 REGT</subfield>
    <subfield code="p">D04758</subfield>
    <subfield code="r">2022-12-15 00:00:00</subfield>
    <subfield code="s">2022-12-13</subfield>
    <subfield code="v">200.00</subfield>
    <subfield code="w">2021-11-17</subfield>
    <subfield code="y">DB</subfield>
    <subfield code="z">Donated by St Aloysius Prakashana</subfield>
  </datafield>
  <datafield tag="952" ind1=" " ind2=" ">
    <subfield code="0">0</subfield>
    <subfield code="1">0</subfield>
    <subfield code="2">ddc</subfield>
    <subfield code="4">0</subfield>
    <subfield code="7">0</subfield>
    <subfield code="8">KON</subfield>
    <subfield code="a">AL</subfield>
    <subfield code="b">AL</subfield>
    <subfield code="d">2021-11-17</subfield>
    <subfield code="l">0</subfield>
    <subfield code="o">891.468 REGT</subfield>
    <subfield code="p">D04759</subfield>
    <subfield code="r">2021-11-17 00:00:00</subfield>
    <subfield code="v">200.00</subfield>
    <subfield code="w">2021-11-17</subfield>
    <subfield code="y">DB</subfield>
    <subfield code="z">Donated by St Aloysius Prakashana</subfield>
  </datafield>
  <datafield tag="952" ind1=" " ind2=" ">
    <subfield code="0">0</subfield>
    <subfield code="1">0</subfield>
    <subfield code="2">ddc</subfield>
    <subfield code="4">0</subfield>
    <subfield code="7">0</subfield>
    <subfield code="8">KON</subfield>
    <subfield code="a">AL</subfield>
    <subfield code="b">AL</subfield>
    <subfield code="d">2021-11-17</subfield>
    <subfield code="l">0</subfield>
    <subfield code="o">891.468 REGT</subfield>
    <subfield code="p">D04760</subfield>
    <subfield code="r">2021-11-17 00:00:00</subfield>
    <subfield code="v">200.00</subfield>
    <subfield code="w">2021-11-17</subfield>
    <subfield code="y">DB</subfield>
    <subfield code="z">Donated by St Aloysius Prakashana</subfield>
  </datafield>
</record>
